[Event "GER-chT U10"]
[Site "Magdeburg"]
[Date "2016.12.29"]
[Round "6.2"]
[White "Stych, Paul"]
[Black "Bildat, Emilia"]
[Result "1/2-1/2"]
[WhiteElo "1136"]
[BlackElo "1097"]
[PlyCount "45"]
[EventDate "2016.12.27"]
[EventType "team-swiss"]
[EventRounds "7"]
[EventCountry "GER"]
[SourceTitle "EXT 2018"]
[Source "ChessBase"]
[SourceDate "2017.10.13"]
[SourceVersion "1"]
[SourceVersionDate "2017.10.13"]
[SourceQuality "1"]
[WhiteTeam "Brackel"]
[BlackTeam "Lueneburg Turm"]
[WhiteTeamCountry "GER"]
[BlackTeamCountry "GER"]

1. e4 e5 2. Nf3 Nc6 3. Bc4 Be7 4. Nc3 Nf6 5. d4 exd4 6. Nxd4 0-0 7. 0-0 d6 8. Nf5 Bxf5 9. exf5 Qd7 10. Bd3 Ne5 11. f4 Nxd3 12. Qxd3 d5 13. Kh1 Rfe8 14. Bd2 Bc5 15. Rae1 Rxe1 16. Rxe1 Ng4 17. Nd1 Re8 18. Qg3 h5 19. h3 Rxe1+ 20. Bxe1 Nf6 21. b4 Bd6 22. Qg5 c5 23. a3 1/2-1/2